00734nmm a2200229Ia 4500008004100000020001800041041000800059100003100067245005800098264006000156300001800216490002900234650000800263700003100271700004200302700002400344700002900368700003200397856005100429942000700480999001700487251105s9999||||xx |||||||||||||||||und|| a9789587387193 aspa aGüiza Suárez, Leonardo 0aActualidad y desafíos del derecho minero colombiano a[Bogotá, Colombia] :bUniversidad del Rosario, c2012 a722 páginas aTextos de Jurisprudencia aLaw aGüiza Suárez, Leonardo1 a Rodríguez Barajas, Cristhian David1 a Moreno, Sara Sofia1 a Valle Mora, Eduardo del1 a Ipenza Peralta, César A. uhttps://public.digitaliapublishing.com/a/46400 cCF c66576d66576